Το πρώτο βιβλίο της ελληνικής Access 2000
Αποθηκεύτηκε σε:
| Κύριος συγγραφέας: | |
|---|---|
| Μορφή: | Βιβλίο |
| Γλώσσα: | Greek |
| Δημοσίευση: |
Αθήνα :
Εκδόσεις Νέων Τεχνολογιών,
1999
|
| Θέματα: | |
| Ετικέτες: |
Προσθήκη ετικέτας
Δεν υπάρχουν, Καταχωρήστε ετικέτα πρώτοι!
|
MARC
| LEADER | 00000cam a2200000 i 4500 | ||
|---|---|---|---|
| 001 | 1/44353 | ||
| 008 | 031104s1999 gre d | ||
| 020 | |a 960-8105-08-0 | ||
| 035 | |l 10071531 | ||
| 040 | |a GR-MY-UA |b gre |e aacr | ||
| 041 | 0 | |a gre | |
| 082 | 0 | |a 005.7565 |2 (21) | |
| 100 | 1 | |a Στασινός, Χρήστος. | |
| 245 | 1 | 3 | |a Το πρώτο βιβλίο της ελληνικής Access 2000 / |c Χρήστος Στασινός |
| 260 | |a Αθήνα : |b Εκδόσεις Νέων Τεχνολογιών, |c 1999 | ||
| 300 | |a 199 σ.; |c 23 εκ. | ||
| 504 | |a Περιέχει βιβλιογραφία | ||
| 630 | 0 | 0 | |a Microsoft Access. |
| 650 | 0 | 0 | |a Database management. |
| 852 | |a INST |b LESVOS |e 20031104 |h 005.7565 ΣΤΑ |p 005100026743 |q 005100026743 |t BK |y 0 | ||
| 901 | |a BIBL1-2003-3 | ||
| 909 | |a Λ |b 106377 | ||
| 970 | |a Τζαφέρη |b Ευαγγελία |z 2003/11/04 | ||